000 00346 a2200121 4500
001 85297
082 _a502.8521 PRA
090 _c40104
_d40103
100 _aPratap, R
245 _aGetting Started with MATLAB,ver 6; a quick introduction for scientists and engineers
260 _aNY
_bOxford University Press
_c2002
300 _a245 p.
942 _aNUST-CAE
_k519.402855369 PRA
999 _c320370
_d320370